000 00496cam a22001934a 4500
005 20250804095938.0
008 250528s ||||||||||||||||||||||||d
035 _a22394
020 _a9789603321422
040 _aGR-AtMCL
_bgre
_dGR-AtMCL
_eAACR2
245 1 _aΗ ΓΛΩΣΣΑ ΠΡΟΓΡΑΜΜΑΤΙΣΜΟΥ C++
250 _a3
260 _bΚλειδάριθμος,
_c1999
300 _a1189
700 1 _aStroustrup, Bjarne
_94453
942 _cBK
999 _c7447
_d7447